000 00830nam a2200337Ia 4500
008 210210b2008 xxu||||| |||| 00| 0 eng d
020 _a8121907985
041 _aeng
082 _a032.02 MOHM
100 _aMOHAN (K)
245 _aMani Ram Aggarwals general knowledge digest and general studies
_bwith multiple choice & objective questionS
260 _aNew Delhi
_bS. Chand & Co. Ltd.
_c2008
300 _axvi--1082
650 _awith
650 _astudies
650 _aRam
650 _aquestion
650 _aobjective
650 _amultiple
650 _aMani
650 _aknowledge
650 _ageneral
650 _adigest
650 _achoice
650 _aand
650 _aAggarwals
650 _a&
690 _aGeneral Knowledge
700 _aAGGARWAL (Mani Ram)
906 _aSG05032
999 _c132816
_d132816